| 000 | | | 05495cmc2a2200000#x 450 |
| 001 | | | 4f4fe806-70a3-4b0e-addb-96c764c46cfd |
| 005 | | | 20190408165754.0 |
| 100 | ## | $a | 20140731l18631864k l0rusy0189 ca |
| 101 | 0# | $a | rus |
| 102 | ## | $a | RU |
| 200 | 1# | $a | Дело о выкупе земельных наделов временнообязанными крестьянами П. И. Ляховича хуторов Кагамлицкого и Гирмана Кременчугcкого уезда Полтавской губернии |
| | $j | 13 декабря 1863 г. - 27 августа 1864 г. |
| 251 | ## | $c | Дело |
| 300 | ## | $a | Печатный и рукописный текст |
| 300 | ## | $a | Оригинальный заголовок дела: Дело Ляховича П. И. Полтавской губернии Кременчугского уезда хуторов Кагамлицкого и Гирмана : 13 декабря 1863 г. - 27 августа 1864 г. |
| 801 | #0 | $a | RU |
| | $b | РГИА |
| | $c | 20140731 |
| 801 | #1 | $a | RU |
| | $b | ГлавНИВЦ |
| | $c | 20140731 |
| | $2 | rusmarc |
| 801 | #2 | $a | RU |
| | $b | ПБ им. Б.Н. Ельцина |
| | $c | 20161117 |
| | $g | RCR |
| | $2 | rusmarc |
| 850 | ## | $a | Федеральное казенное учреждение "Российский государственный исторический архив" (РГИА) |
| 852 | ## | $a | РГИА |
| | $j | 799 |
| 937 | ## | $h | РГИА |
| | $d | 11161078 |
| | $a | ASBIBLIO_SCAN |
| 462 | #0 | $1 | 001357da342-6188-4f17-a51a-1739068847eb |
| | $1 | 2001 |
| | $a | Дела Главного выкупного учреждения Министерства финансов по Полтавской губернии |
| | $v | Д. 799 |
| | $1 | 251 |
| | $c | Опись |
| | $1 | 852 |
| | $j | 30 |
| 461 | #0 | $1 | 0018ef30ad5-ff5c-4840-a721-74c62a200f95 |
| | $1 | 2001 |
| | $a | Главное выкупное учреждение Министерства финансов |
| | $1 | 251 |
| | $c | Фонд |
| | $1 | 852 |
| | $j | 577 |
| 215 | ## | $a | 35 листов |
| | $d | 36,5x26 см |
| 371 | ## | $a | Документ не является опубликованным и широко распространяемым |
| 105 | ## | $a | у### |
| 122 | 2# | $a | d18631213## |
| | $a | d18640827## |
| 517 | 1# | $a | Дело Ляховича П. И. Полтавской губернии Кременчугского уезда хуторов Кагамлицкого и Гирмана |
| | $e | 13 декабря 1863 г. - 27 августа 1864 г. |
| 035 | ## | $a | 4f4fe806-70a3-4b0e-addb-96c764c46cfd |
| 856 | ## | $u | http://readingroom.main.prlib.ru/item.aspx?id_node=n90953465&mode=full |
| 605 | ## | $2 | acquisition_Prlib |
| | $3 | DITM\AF\0000003834 |
| | $a | Народ |
| | $l | коллекция |
| 605 | ## | $a | Территория |
| | $l | коллекция |
| | $2 | acquisition_Prlib |
| | $3 | DITM\AF\0000004675 |
| 606 | 1# | $2 | prlib_sh |
| | $3 | LIBNET\UAF\0000082677 |
| | $a | Крестьянская реформа |
| | $j | Документы и материалы |
| | $y | Россия |
| | $y | Полтавская губерния |
| | $z | 1861 |
| 617 | ## | $2 | prlib_sh |
| | $c | Полтавская губерния |
| 617 | ## | $2 | prlib_sh |
| | $a | Украина |
| 686 | ## | $2 | rubbk |
| | $a | 63.3(28-8Пол)52ю1 |
| | $v | LBC/M |